000 00693nam a2200253Ia 4500
003 OSt
005 20220925204439.0
006 a|||||r|||| 00| 0
007 ta
008 220923b |||||||| |||| 00| 0 eng d
037 _cGeneral Book
040 _aRTL
_cRTL
_beng
041 _2eng
_aeng
082 _aX:54.755.N9, N9
110 _aWorld Trade Organization
_9268502
245 0 _aTrade policy review
_b Nicaragua
260 _aGeneva
_bWTO
_c1999
300 _a192p.
_ccm.
650 _a Economics
650 _aInternational Trade
700 _aWorld Trade Organization
_9268503
942 _hX:54.755.N9, N9
_cGB
_2CC
999 _c549427
_d549427